书目信息 |
| 题名: |
番茄大棚安全高效栽培技术
|
|
| 作者: | 肖万里 , 姚翠华 编著 | |
| 分册: | ||
| 出版信息: | 北京 化学工业出版社 2010 |
|
| 页数: | 189页 | |
| 开本: | 20cm | |
| 丛书名: | 寿光大棚蔬菜高效栽培技术丛书 | |
| 单 册: | ||
| 中图分类: | S641.2 | |
| 科图分类: | ||
| 主题词: | 番茄--温室栽培 , 番茄 , 温室栽培 | |
| 电子资源: | ||
| ISBN: | 978-7-122-07665-6 | |
| 000 | 01058oam2 2200289 45 | |
| 001 | 1130246203 | |
| 005 | 20110309141227.82 | |
| 010 | @a978-7-122-07665-6@dCNY19.00 | |
| 100 | @a20110123d2010 em y0chiy50 ea | |
| 101 | 0 | @achi |
| 102 | @aCN@b110000 | |
| 105 | @aa z 000yy | |
| 106 | @ar | |
| 200 | 1 | @a番茄大棚安全高效栽培技术@AFan Qie Da Peng An Quan Gao Xiao Zai Pei Ji Shu@f肖万里,姚翠华编著@FXiao Wan Li, Yao Cui Hua Bian Zhu |
| 210 | @a北京@c化学工业出版社@d2010 | |
| 215 | @a189页@c彩图@d20cm | |
| 225 | 2 | @a寿光大棚蔬菜高效栽培技术丛书 |
| 330 | @a本书总结了寿光菜农发展冬暖大棚番茄生产的栽培管理技术和经验。内容包括:大棚设计与环境调控、大棚的类型与建造及配套设施、优良番茄品种的选择与应用、培育壮苗技术、大棚番茄主要栽培模式等。 | |
| 461 | 0 | @12001 @a寿光大棚蔬菜高效栽培技术丛书 |
| 606 | 0 | @a番茄@x温室栽培 |
| 606 | 0 | @a番茄 |
| 606 | 0 | @a温室栽培 |
| 690 | @aS641.2@v4 | |
| 701 | 0 | @a肖万里@AXiao Wan Li@4编著 |
| 701 | 0 | @a姚翠华@AYao Cui Hua@4编著 |
| 801 | 0 | @aCN@bTANGWEI@c20110309 |
| 905 | @b0530918-21@dS641.2@e212@f4 | |
| 番茄大棚安全高效栽培技术/肖万里,姚翠华编著.-北京:化学工业出版社,2010 |
| 189页:彩图;20cm.-(寿光大棚蔬菜高效栽培技术丛书) |
| ISBN 978-7-122-07665-6:CNY19.00 |
| 本书总结了寿光菜农发展冬暖大棚番茄生产的栽培管理技术和经验。内容包括:大棚设计与环境调控、大棚的类型与建造及配套设施、优良番茄品种的选择与应用、培育壮苗技术、大棚番茄主要栽培模式等。 |
| ● |
| 相关链接 |
|
|
|
|
正题名:番茄大棚安全高效栽培技术
索取号:S641.2/212
 
预约/预借
| 序号 | 登录号 | 条形码 | 馆藏地/架位号 | 状态 | 备注 |
| 1 | 0530918 | 205309183 | 第二样本阅览室/ [索取号:S641.2/212] | 在馆 | |
| 2 | 0530919 | 205309192 | 第三借阅区/ [索取号:S641.2/212] | 在馆 | |
| 3 | 0530920 | 205309209 | 第三借阅区/ [索取号:S641.2/212] | 在馆 | |
| 4 | 0530921 | 205309218 | 密集书库-生命科学系/ [索取号:S641.2/212] | 在馆 |